[Event "male"]
[Site "?"]
[Date "2016.02.16"]
[Round "6.8"]
[White "Azimov, Ilyas"]
[Black "Emdin, Mark"]
[Result "0-1"]
[LiveChessVersion "1.4.2"]
[BlackElo "2227"]
[WhiteElo "2098"]

1. e4 {[%clk 1:19:40]} d6 {[%clk 1:30:00]} 2. d4 {[%clk 1:19:52]} Nf6
{[%clk 1:30:25]} 3. Nc3 {[%clk 1:20:10]} e5 {[%clk 1:30:29]} 4. Nf3
{[%clk 1:18:40]} Nbd7 {[%clk 1:30:43]} 5. Bc4 {[%clk 1:18:41]} Be7
{[%clk 1:30:49]} 6. O-O {[%clk 1:18:36]} O-O {[%clk 1:29:27]} 7. a4
{[%clk 1:18:28]} c6 {[%clk 1:28:41]} 8. Re1 {[%clk 1:17:20]} Qc7 {[%clk 1:28:28]}
9. h3 {[%clk 1:17:05]} b6 {[%clk 1:27:49]} 10. Ba2 {[%clk 1:16:27]} Bb7
{[%clk 1:24:36]} 11. Bg5 {[%clk 1:13:52]} h6 {[%clk 1:22:13]} 12. Be3
{[%clk 1:12:50]} Rfe8 {[%clk 1:21:59]} 13. Rb1 {[%clk 1:07:20]} Rad8
{[%clk 1:08:32]} 14. Qe2 {[%clk 1:04:32]} exd4 {[%clk 0:28:17]} 15. Nxd4
{[%clk 1:01:48]} Bf8 {[%clk 0:24:57]} 16. Nf5 {[%clk 0:49:15]} Nc5
{[%clk 0:15:27]} 17. Bd4 {[%clk 0:44:01]} Ncxe4 {[%clk 0:08:25]} 18. Nxe4
{[%clk 0:43:02]} Rxe4 {[%clk 0:07:37]} 19. Qd3 {[%clk 0:42:32]} Rde8
{[%clk 0:05:35]} 20. Rxe4 {[%clk 0:35:27]} Nxe4 {[%clk 0:05:53]} 21. f3
{[%clk 0:29:49]} c5 {[%clk 0:04:45]} 22. Bxg7 {[%clk 0:28:12]} Bxg7
{[%clk 0:05:02]} 23. Nxg7 {[%clk 0:28:07]} Kxg7 {[%clk 0:05:26]} 24. fxe4
{[%clk 0:27:51]} Bxe4 {[%clk 0:05:52]} 25. Qc3+ {[%clk 0:26:41]} Re5
{[%clk 0:05:07]} 26. Re1 {[%clk 0:24:36]} Bg6 {[%clk 0:04:29]} 27. Bd5
{[%clk 0:22:17]} Qe7 {[%clk 0:03:37]} 28. b3 {[%clk 0:20:55]} Qf6
{[%clk 0:03:12]} 29. Rxe5 {[%clk 0:21:12]} Qxe5 {[%clk 0:03:08]} 30. Qxe5+
{[%clk 0:20:51]} dxe5 {[%clk 0:03:33]} 31. c3 {[%clk 0:21:14]} Kf6
{[%clk 0:02:35]} 32. Kf2 {[%clk 0:21:20]} Bf5 {[%clk 0:02:27]} 33. b4
{[%clk 0:21:30]} a5 {[%clk 0:01:37]} 34. bxa5 {[%clk 0:21:19]} bxa5
{[%clk 0:02:02]} 35. Ke3 {[%clk 0:21:13]} Bc2 {[%clk 0:01:45]} 36. Bc6
{[%clk 0:21:26]} Kg5 {[%clk 0:01:38]} 37. g3 {[%clk 0:20:54]} f5 {[%clk 0:01:40]}
38. Kd2 {[%clk 0:19:36]} Bb1 {[%clk 0:01:44]} 39. Ke3 {[%clk 0:17:42]} Ba2
{[%clk 0:01:04]} 40. Kf3 {[%clk 0:47:32]} Bb3 {[%clk 0:30:48]} 41. h4+
{[%clk 0:47:12]} Kf6 {[%clk 0:30:08]} 42. Ke3 {[%clk 0:47:28]} Ke6
{[%clk 0:30:00]} 43. Be8 {[%clk 0:45:54]} Ke7 {[%clk 0:25:04]} 44. Bc6
{[%clk 0:46:01]} Kd6 {[%clk 0:23:59]} 45. Be8 {[%clk 0:46:08]} Bd5
{[%clk 0:23:53]} 46. Bh5 {[%clk 0:45:33]} Ke7 {[%clk 0:20:04]} 47. Be2
{[%clk 0:42:37]} Bc6 {[%clk 0:19:11]} 48. Bd1 {[%clk 0:42:47]} c4
{[%clk 0:18:35]} 49. Bc2 {[%clk 0:39:46]} Kf6 {[%clk 0:17:13]} 50. Bd1
{[%clk 0:39:28]} Be4 {[%clk 0:16:37]} 51. Bh5 {[%clk 0:36:56]} Ke7
{[%clk 0:16:27]} 52. Bd1 {[%clk 0:36:02]} Ke8 {[%clk 0:14:13]} 53. Bh5+
{[%clk 0:36:06]} Kf8 {[%clk 0:14:34]} 54. Bd1 {[%clk 0:36:25]} Ke7
{[%clk 0:15:02]} 55. Be2 {[%clk 0:31:35]} Bc2 {[%clk 0:15:10]} 56. Bxc4
{[%clk 0:31:47]} Bxa4 {[%clk 0:15:36]} 57. Ba2 {[%clk 0:31:58]} Kd6
{[%clk 0:15:09]} 58. Kd3 {[%clk 0:31:56]} Bd7 {[%clk 0:15:06]} 59. Bb1
{[%clk 0:30:35]} Kc5 {[%clk 0:15:13]} 60. Ba2 {[%clk 0:30:52]} Bb5+
{[%clk 0:14:23]} 61. c4 {[%clk 0:30:12]} Bc6 {[%clk 0:14:24]} 62. Kc3
{[%clk 0:29:43]} a4 {[%clk 0:12:10]} 63. Kd4+ 0-1